000
00293nam a22001337a 4500
008
181101b xxu||||| |||| 00| 0 eng d
020
_a
0815101252
041
_a
eng
080
_a
610
100
_a
4
101
_a
SHM
245
_a
Handbook Endrocine Tests
_c
Alsever.R.N
942
_2
udc
_c
BK
999
_c
51401
_d
51401